000 00890nam a22002297a 4500
999 _c63911
_d63911
005 20240530110705.0
008 171225s2015 ua a g b 000 0dara d
017 _a2015/23145
_bمصر. دار الكتب
020 _a97897791015635
040 _aEG-CaGPL
_cEG-CaGPL
082 0 4 _221
_a327.62
_bق/ر و
100 0 _aرشا على طه
245 1 0 _aوزارة الخارجية المصرية :
_bدراسة تاريخية 1954 - 1970 /
_cتأليف رشا على طه .
250 _aط.1
260 _aالقاهرة :
_bالهيئة المصرية العامة للكتاب ،
_c2015 .
300 _a337 ص. ؛
_c24 سم.
490 0 _aتاريخ المصريين ؛
_v300
650 0 7 _2qrmak
_aوزارة الخارجية
_xتاريخ
_zمصر
651 0 7 _2qrmak
_aمصر
_xالاحوال السياسية
942 _2ddc
_cBK